[Event "DSJ Weihnachtsturnier U20 2020"]
[Site "https://play.chessbase.com/en/play?room=DSJWeihnachtU20"]
[Date "2020.12.29"]
[Round "4"]
[White "Perkampus, Laurin"]
[Black "Neumann, Oskar"]
[Result "1-0"]
[Termination "normal"]
[Board "8.4"]
[WhiteElo "1920"]
[BlackElo "1691"]
[WhiteTeam "Schachgemeinschaft Porz 2"]
[BlackTeam "SK Johanneum Eppendorf"]
[PlyCount "85"]
[WhiteFideId "16232283"]
[BlackFideId "12974218"]
[EventRounds "7"]
[EventType "team-swiss"]
[EventDate "2020.12.29"]

1. d4 {[%emt 0:00:47]} d5 {[%emt 0:00:24] Porz2-004 kibitzing!?} 2. c4 {[%emt
0:00:10]} dxc4 {[%emt 0:00:02] Porz2-004 kibitzing!?} 3. e4 {[%emt 0:00:07]} e6
{[%emt 0:00:20] Porz2-004 kibitzing!?} 4. Bxc4 { [%emt 0:00:07]} a6 {[%emt
0:00:18] Porz2-004 kibitzing!?} 5. Nf3 {[%emt 0:00:15]} Nf6 {[%emt 0:00:10]
Porz2-004 kibitzing!?} 6. Qe2 {[%emt 0:01:33]} b5 { [%emt 0:00:27] Porz2-004
kibitzing!?} 7. Bd3 {[%emt 0:00:05]} Bb7 {[%emt 0:00:05] Porz2-004 kibitzing!?}
8. O-O {[%emt 0:00:10]} c5 {[%emt 0:00:36] Porz2-004 kibitzing!?} 9. dxc5
{[%emt 0:00:35]} Bxc5 {[%emt 0:00:06] Porz2-004 kibitzing!?} 10. Bg5 {[%emt
0:00:10]} Be7 {[%emt 0:00:22] Porz2-004 kibitzing!? } 11. Nc3 {[%emt 0:00:09]}
O-O {[%emt 0:00:25] Porz2-004 kibitzing!?} 12. Rfd1 {[%emt 0:00:11]} Nbd7
{[%emt 0:00:13] Porz2-004 kibitzing!?} 13. Rac1 {[%emt 0:00:25]} Rc8 {[%emt
0:00:17] Porz2-004 kibitzing!?} 14. h3 {[%emt 0:00:26] Porz2-004 reconnected.}
Nc5 {[%emt 0:01:13] Porz2-004 kibitzing!?} 15. Bxb5 { [%emt 0:00:09]} Qb6
{[%emt 0:00:39] Porz2-004 kibitzing!?} 16. Bc4 {[%emt 0:00:24]} Ncxe4 {[%emt
0:00:54]} 17. Nxe4 {[%emt 0:00:04] Porz2-004 received Ill MvData=31. c5-e4
(5379cs)} Bxe4 {[%emt 0:00:07] Porz2-004 kibitzing!?} 18. Bxf6 {[%emt 0:00:08]}
Bxf3 {[%emt 0:00:06]} 19. Qxf3 {[%emt 0:00:00] Porz2-004 kibitzing!?} Bxf6
{[%emt 0:00:04]} 20. b3 {[%emt 0:00:04] Porz2-004 received Ill MvData=37. e7-f6
(359cs)} Rfd8 {[%emt 0:00:34] Porz2-004 kibitzing!?} 21. Qe2 {[%emt 0:00:57]}
a5 {[%emt 0:00:17] Porz2-004 kibitzing!?} 22. Rd3 { [%emt 0:00:21]} Rxd3 {[%emt
0:00:29]} 23. Qxd3 {[%emt 0:00:00] Porz2-004 received Ill MvData=43. d8-d3
(2854cs) SKJE1-004 reconnected. SKJE1-004 resigns Porz2-004 reconnected.
Restarted W (13.22e) Restarted W (13.22e) Restarted W (13.22e) Restarted W
(13.22e) Restarted W (13.22e) Restarted W (13. 22e) OK Restarted B (13.22e) OK}
Bd4 {[%emt 0:00:03]} 24. Qe2 {[%emt 0:00:22] Porz2-004 offers a draw} Rd8
{[%emt 0:00:40]} 25. g3 {[%emt 0:00:35]} Bc5 { [%emt 0:00:07]} 26. Bd3 {[%emt
0:00:18]} Bb4 {[%emt 0:00:41]} 27. Rd1 {[%emt 0:00:18]} Bc5 {[%emt 0:00:03]}
28. Bxh7+ {[%emt 0:00:53]} Kxh7 {[%emt 0:00:05]} 29. Qh5+ {[%emt 0:00:02]} Kg8
{[%emt 0:00:02]} 30. Rxd8+ {[%emt 0:00:01]} Qxd8 {[%emt 0:00:17]} 31. Qxc5
{[%emt 0:00:02]} Qd1+ {[%emt 0:00:06]} 32. Kg2 { [%emt 0:00:08]} Qd5+ {[%emt
0:00:02]} 33. Qxd5 {[%emt 0:00:03]} exd5 {[%emt 0:00:01]} 34. Kf3 {[%emt
0:00:01]} f6 {[%emt 0:00:19]} 35. Ke3 {[%emt 0:00:07]} Kf7 {[%emt 0:00:01]} 36.
Kd4 {[%emt 0:00:01]} Ke6 {[%emt 0:00:01]} 37. f4 { [%emt 0:00:03]} Kd6 {[%emt
0:00:07]} 38. f5 {[%emt 0:00:03]} Kc6 {[%emt 0:00:06]} 39. a3 {[%emt 0:00:02]}
Kd6 {[%emt 0:00:05]} 40. b4 {[%emt 0:00:01]} axb4 {[%emt 0:00:11]} 41. axb4
{[%emt 0:00:00]} Kc6 {[%emt 0:00:01]} 42. b5+ { [%emt 0:00:01]} Kxb5 {[%emt
0:00:01]} 43. Kxd5 {[%emt 0:00:01]} 1-0

[Event "DSJ Weihnachtsturnier U20 2020"]
[Site "https://play.chessbase.com/en/play?room=DSJWeihnachtU20"]
[Date "2020.12.29"]
[Round "4"]
[White "Rietschel, Tilo"]
[Black "Runte, Moritz"]
[Result "0-1"]
[Termination "normal"]
[Board "9.1"]
[WhiteElo "2066"]
[BlackElo "2133"]
[WhiteTeam "Lübecker SV von 1873"]
[BlackTeam "Schachverein Hemer 1932"]
[PlyCount "54"]
[WhiteFideId "16208390"]
[BlackFideId "12991449"]
[EventRounds "7"]
[EventType "team-swiss"]
[EventDate "2020.12.29"]

1. e4 {[%emt 0:00:04]} c5 {[%emt 0:00:16]} 2. Nf3 {[%emt 0:00:02]} d6 {[%emt
0:00:06]} 3. d4 {[%emt 0:00:02]} cxd4 {[%emt 0:00:00]} 4. Nxd4 {[%emt 0:00:01]}
Nf6 {[%emt 0:00:01]} 5. Nc3 {[%emt 0:00:00]} a6 {[%emt 0:00:01]} 6. Bc4 { [%emt
0:00:04]} e6 {[%emt 0:00:02]} 7. Bb3 {[%emt 0:00:01]} b5 {[%emt 0:00:09]} 8.
O-O {[%emt 0:00:06]} Be7 {[%emt 0:00:13]} 9. f4 {[%emt 0:00:44]} O-O { [%emt
0:00:16]} 10. Be3 {[%emt 0:00:50]} Qc7 {[%emt 0:00:21]} 11. f5 {[%emt 0:00:07]}
e5 {[%emt 0:00:05]} 12. Nde2 {[%emt 0:00:10]} Bb7 {[%emt 0:00:08]} 13. Nd5
{[%emt 0:00:12]} Nxd5 {[%emt 0:00:05]} 14. Bxd5 {[%emt 0:00:00]} Bxd5 { [%emt
0:00:08]} 15. Qxd5 {[%emt 0:00:00]} Nd7 {[%emt 0:00:07]} 16. Qd3 { [%emt
0:00:20]} Rac8 {[%emt 0:01:09]} 17. Nc3 {[%emt 0:00:04]} Nf6 {[%emt 0:00:07]}
18. Bg5 {[%emt 0:00:19]} b4 {[%emt 0:00:27]} 19. Bxf6 {[%emt 0:00:03]} bxc3
{[%emt 0:00:02]} 20. Bxe7 {[%emt 0:00:05]} cxb2 {[%emt 0:00:35]} 21. Rab1
{[%emt 0:00:21]} Qxe7 {[%emt 0:00:06]} 22. Rxb2 {[%emt 0:00:02]} Rc6 {[%emt
0:00:38]} 23. Rfb1 {[%emt 0:00:55]} Rfc8 {[%emt 0:00:10]} 24. Rb7 {[%emt
0:00:07] } Qg5 {[%emt 0:01:29]} 25. Qd5 {[%emt 0:00:11]} Rxc2 {[%emt 0:00:17]}
26. Qxf7+ {[%emt 0:01:11]} Kh8 {[%emt 0:00:03]} 27. Rf1 {[%emt 0:00:00]} Qxg2#
{[%emt 0:00:03]} 0-1

[Event "DSJ Weihnachtsturnier U20 2020"]
[Site "https://play.chessbase.com/en/play?room=DSJWeihnachtU20"]
[Date "2020.12.29"]
[Round "4"]
[White "Ciolacu, Alessia-Mihaela"]
[Black "Mundt, Alexandra"]
[Result "1-0"]
[Termination "time forfeit"]
[Board "9.2"]
[WhiteTitle "WFM"]
[WhiteElo "2052"]
[BlackElo "1768"]
[WhiteTeam "Schachverein Hemer 1932"]
[BlackTeam "Lübecker SV von 1873"]
[PlyCount "61"]
[WhiteFideId "1252640"]
[BlackFideId "16217276"]
[EventRounds "7"]
[EventType "team-swiss"]
[EventDate "2020.12.29"]

1. Nf3 {[%emt 0:00:03]} Nf6 {[%emt 0:00:04]} 2. c4 {[%emt 0:00:02]} d5 { [%emt
0:00:08]} 3. cxd5 {[%emt 0:00:03]} Nxd5 {[%emt 0:00:02]} 4. d4 {[%emt 0:00:08]}
Nc6 {[%emt 0:00:07]} 5. e4 {[%emt 0:00:03]} Nb6 {[%emt 0:00:11]} 6. h3 {[%emt
0:00:56]} e6 {[%emt 0:00:18]} 7. Nc3 {[%emt 0:00:03]} Ne7 {[%emt 0:01:50]} 8.
Bg5 {[%emt 0:00:30]} f6 {[%emt 0:00:08]} 9. Be3 {[%emt 0:00:25]} Ng6 { [%emt
0:00:39]} 10. Bd3 {[%emt 0:00:08]} Be7 {[%emt 0:00:38]} 11. Qc2 {[%emt
0:00:08]} O-O {[%emt 0:00:42]} 12. h4 {[%emt 0:00:03]} f5 {[%emt 0:00:34]} 13.
h5 {[%emt 0:00:19]} Nh8 {[%emt 0:00:06]} 14. exf5 {[%emt 0:00:17]} exf5 {[%emt
0:00:02]} 15. g4 {[%emt 0:00:42] Luebeck1-002 reconnected.} Re8 {[%emt
0:01:40]} 16. Qb3+ {[%emt 0:00:54]} Nf7 {[%emt 0:00:10]} 17. Ne5 {[%emt
0:00:03]} Rf8 { [%emt 0:00:16]} 18. gxf5 {[%emt 0:00:04]} a5 {[%emt 0:00:11]}
19. a4 {[%emt 0:00:03]} Nd7 {[%emt 0:00:53]} 20. Nxf7 {[%emt 0:00:09]} Rxf7
{[%emt 0:00:09]} 21. Bc4 {[%emt 0:00:03]} Qf8 {[%emt 0:00:10]} 22. h6 {[%emt
0:00:07]} Nf6 { [%emt 0:00:07]} 23. hxg7 {[%emt 0:00:05]} Qxg7 {[%emt 0:00:06]}
24. Bh6 { [%emt 0:00:05]} Qg4 {[%emt 0:00:45]} 25. Bxf7+ {[%emt 0:00:09]} Kh8
{[%emt 0:00:02]} 26. Ne2 {[%emt 0:01:40]} Bxf5 {[%emt 0:00:19]} 27. Rg1 {[%emt
0:00:04]} Bb4+ {[%emt 0:00:10]} 28. Kd1 {[%emt 0:00:21]} Ne4 {[%emt 0:00:21]}
29. Rxg4 { [%emt 0:00:31]} Nxf2+ {[%emt 0:00:01]} 30. Kc1 {[%emt 0:00:02]} Bxg4
{[%emt 0:00:06]} 31. Qe3 {[%emt 0:00:17] TimeB} 1-0

[Event "DSJ Weihnachtsturnier U20 2020"]
[Site "https://play.chessbase.com/en/play?room=DSJWeihnachtU20"]
[Date "2020.12.29"]
[Round "4"]
[White "Kroschel, Anton"]
[Black "Trinh, Fabian Dat"]
[Result "1-0"]
[Termination "normal"]
[Board "9.3"]
[WhiteElo "1754"]
[BlackElo "1818"]
[WhiteTeam "Lübecker SV von 1873"]
[BlackTeam "Schachverein Hemer 1932"]
[PlyCount "61"]
[WhiteFideId "12969834"]
[BlackFideId "16243641"]
[EventRounds "7"]
[EventType "team-swiss"]
[EventDate "2020.12.29"]

1. Nf3 {[%emt 0:00:05]} d5 {[%emt 0:00:04]} 2. c4 {[%emt 0:00:01]} e6 {[%emt
0:00:02]} 3. d4 {[%emt 0:00:03]} Nf6 {[%emt 0:00:01]} 4. Nc3 {[%emt 0:00:01]}
Be7 {[%emt 0:00:02]} 5. g3 {[%emt 0:00:02]} O-O {[%emt 0:00:02]} 6. Bg2 {[%emt
0:00:00]} b6 {[%emt 0:00:03]} 7. cxd5 {[%emt 0:00:03]} exd5 {[%emt 0:00:02]} 8.
O-O {[%emt 0:00:02]} Bb7 {[%emt 0:00:01]} 9. Ne5 {[%emt 0:00:02]} Nbd7 { [%emt
0:00:06]} 10. f4 {[%emt 0:00:01]} Ne4 {[%emt 0:00:35]} 11. Nxe4 {[%emt
0:00:05]} dxe4 {[%emt 0:00:02]} 12. e3 {[%emt 0:00:01]} f6 {[%emt 0:00:03]} 13.
Nc4 {[%emt 0:00:50]} f5 {[%emt 0:00:12]} 14. b3 {[%emt 0:00:20]} Nf6 {[%emt
0:00:02]} 15. Ne5 {[%emt 0:00:05]} Nd5 {[%emt 0:00:06]} 16. Bb2 {[%emt
0:00:11]} Nxe3 {[%emt 0:00:34]} 17. Qe2 {[%emt 0:00:31]} Nxf1 {[%emt 0:00:05]}
18. Bxf1 { [%emt 0:00:07]} c5 {[%emt 0:00:21]} 19. Rd1 {[%emt 0:00:04]} Qc7
{[%emt 0:00:49]} 20. Qc4+ {[%emt 0:00:14]} Kh8 {[%emt 0:00:42]} 21. Nf7+ {[%emt
0:00:05]} Rxf7 {[%emt 0:00:16]} 22. Qxf7 {[%emt 0:00:00]} Rf8 {[%emt 0:00:28]}
23. Qe6 { [%emt 0:00:25]} cxd4 {[%emt 0:01:37]} 24. Bxd4 {[%emt 0:00:23]} Bc5
{[%emt 0:00:06]} 25. Bc4 {[%emt 0:00:39]} Rd8 {[%emt 0:00:59]} 26. Qxf5 {[%emt
0:01:24]} Bxd4+ {[%emt 0:00:12]} 27. Rxd4 {[%emt 0:00:02]} Re8 {[%emt 0:00:35]}
28. Rd7 { [%emt 0:00:30]} Qc6 {[%emt 0:01:08]} 29. Qf7 {[%emt 0:00:28]} Qc5+
{[%emt 0:00:17]} 30. Kf1 {[%emt 0:00:43]} Rg8 {[%emt 0:00:07]} 31. Qxg8# {[%emt
0:00:03]} 1-0

[Event "DSJ Weihnachtsturnier U20 2020"]
[Site "https://play.chessbase.com/en/play?room=DSJWeihnachtU20"]
[Date "2020.12.29"]
[Round "4"]
[White "Leonard, Timo"]
[Black "Stülcken, Philipp"]
[Result "1-0"]
[Termination "normal"]
[Board "9.4"]
[WhiteElo "1953"]
[BlackElo "1459"]
[WhiteTeam "Schachverein Hemer 1932"]
[BlackTeam "Lübecker SV von 1873"]
[PlyCount "105"]
[WhiteFideId "16208757"]
[BlackFideId "12986232"]
[EventRounds "7"]
[EventType "team-swiss"]
[EventDate "2020.12.29"]

1. d4 {[%emt 0:00:06]} Nf6 {[%emt 0:00:55]} 2. Nf3 {[%emt 0:00:04]} g6 { [%emt
0:00:03]} 3. Bg5 {[%emt 0:00:02]} Bg7 {[%emt 0:00:01]} 4. Nbd2 {[%emt 0:00:03]}
O-O {[%emt 0:00:01]} 5. c3 {[%emt 0:00:02]} d6 {[%emt 0:00:01]} 6. e4 { [%emt
0:00:01]} Nbd7 {[%emt 0:00:06]} 7. Bd3 {[%emt 0:00:02]} h6 {[%emt 0:00:11]} 8.
Bh4 {[%emt 0:00:02]} e5 {[%emt 0:00:08]} 9. dxe5 {[%emt 0:00:06]} Nxe5 {[%emt
0:00:02]} 10. Bc2 {[%emt 0:00:13]} Bg4 {[%emt 0:00:09]} 11. h3 {[%emt 0:00:03]}
Be6 {[%emt 0:00:12]} 12. Nd4 {[%emt 0:00:21]} Kh8 {[%emt 0:00:15]} 13. f4
{[%emt 0:00:11]} Ned7 {[%emt 0:00:14]} 14. f5 {[%emt 0:00:04]} gxf5 { [%emt
0:00:18]} 15. O-O {[%emt 0:00:11]} Qe8 {[%emt 0:00:19]} 16. Nxf5 { [%emt
0:00:26]} Bxf5 {[%emt 0:00:21]} 17. Rxf5 {[%emt 0:00:00]} Rg8 {[%emt 0:00:09]}
18. Qf3 {[%emt 0:00:07]} Ne5 {[%emt 0:00:17]} 19. Qf2 {[%emt 0:00:30]} Nfd7
{[%emt 0:00:08]} 20. Bb3 {[%emt 0:00:06]} Rf8 {[%emt 0:00:38]} 21. Rf1 { [%emt
0:00:29]} f6 {[%emt 0:00:08]} 22. Qe2 {[%emt 0:02:43]} Qg6 {[%emt 0:00:22]} 23.
Nf3 {[%emt 0:00:19]} Rae8 {[%emt 0:00:29]} 24. Nd4 {[%emt 0:00:17]} Nc5 {[%emt
0:00:23]} 25. Bc2 {[%emt 0:00:01]} Ne6 {[%emt 0:00:14]} 26. Bb3 { [%emt
0:00:43]} Nc5 {[%emt 0:00:03]} 27. Bc2 {[%emt 0:00:02]} c6 {[%emt 0:00:28]} 28.
b4 {[%emt 0:00:04]} Na6 {[%emt 0:00:26]} 29. Bb3 {[%emt 0:00:07]} Nc7 {[%emt
0:00:01]} 30. Qc2 {[%emt 0:01:03]} d5 {[%emt 0:00:17]} 31. exd5 { [%emt
0:00:05]} Nxd5 {[%emt 0:00:00]} 32. Bxd5 {[%emt 0:00:02]} cxd5 {[%emt 0:00:00]}
33. Qd1 {[%emt 0:00:45]} Rf7 {[%emt 0:00:53]} 34. R5f2 {[%emt 0:00:10]} Nc4
{[%emt 0:00:11]} 35. Nf5 {[%emt 0:00:11]} Re5 {[%emt 0:00:17]} 36. Qf3 { [%emt
0:00:32]} Kh7 {[%emt 0:00:27]} 37. Nxg7 {[%emt 0:00:03]} Kxg7 {[%emt 0:00:01]}
38. Bxf6+ {[%emt 0:00:03]} Kg8 {[%emt 0:00:06]} 39. Qg4 {[%emt 0:00:17] } Qxg4
{[%emt 0:00:23]} 40. hxg4 {[%emt 0:00:00]} Re3 {[%emt 0:00:01]} 41. Bd4 {[%emt
0:00:04]} Rd3 {[%emt 0:00:06]} 42. Rxf7 {[%emt 0:00:02]} Rd2 {[%emt 0:00:04]}
43. Rf8+ {[%emt 0:00:01]} Kh7 {[%emt 0:00:01]} 44. R8f7+ {[%emt 0:00:06]} Kg6
{[%emt 0:00:01]} 45. Rxb7 {[%emt 0:00:01]} Rxa2 {[%emt 0:00:05]} 46. Rxa7
{[%emt 0:00:02]} Re2 {[%emt 0:00:03]} 47. Rf6+ {[%emt 0:00:02]} Kg5 { [%emt
0:00:01]} 48. Rg7+ {[%emt 0:00:02]} Kh4 {[%emt 0:00:01]} 49. Rxh6+ { [%emt
0:00:02]} Kg3 {[%emt 0:00:01]} 50. Rh3+ {[%emt 0:00:01]} Kf4 {[%emt 0:00:02]}
51. Rf3+ {[%emt 0:00:03]} Ke4 {[%emt 0:00:02]} 52. Re7+ {[%emt 0:00:03]} Ne5
{[%emt 0:00:01]} 53. Rxe5# {[%emt 0:00:01]} 1-0

[Event "DSJ Weihnachtsturnier U20 2020"]
[Site "https://play.chessbase.com/en/play?room=DSJWeihnachtU20"]
[Date "2020.12.29"]
[Round "4"]
[White "Bethke, Richard"]
[Black "Sinnhöfer, Jonas"]
[Result "1-0"]
[Termination "normal"]
[Board "10.1"]
[WhiteTitle "FM"]
[WhiteElo "2332"]
[BlackElo "1919"]
[WhiteTeam "SF Neuberg"]
[BlackTeam "Delmenhorster SK V 1931"]
[PlyCount "87"]
[WhiteFideId "12959243"]
[BlackFideId "12982938"]
[EventRounds "7"]
[EventType "team-swiss"]
[EventDate "2020.12.29"]

1. e4 {[%emt 0:00:05] Delmen1-001 kibitzing!? Delmen1-001 reconnected.} d5 {
[%emt 0:00:16]} 2. exd5 {[%emt 0:00:02]} Qxd5 {[%emt 0:00:02]} 3. Nc3 {[%emt
0:00:01]} Qa5 {[%emt 0:00:01]} 4. Bc4 {[%emt 0:00:01]} Nf6 {[%emt 0:00:03]} 5.
d3 {[%emt 0:00:03]} Nc6 {[%emt 0:00:02]} 6. Nge2 {[%emt 0:00:07]} Bg4 {[%emt
0:00:08]} 7. f3 {[%emt 0:00:02]} Bh5 {[%emt 0:00:02]} 8. Be3 {[%emt 0:00:05]}
O-O-O {[%emt 0:00:05]} 9. Qd2 {[%emt 0:00:03]} e6 {[%emt 0:00:02]} 10. O-O-O {
[%emt 0:00:14]} Ne5 {[%emt 0:00:16]} 11. Qe1 {[%emt 0:01:01]} Bb4 {[%emt
0:00:15]} 12. Bb3 {[%emt 0:00:07]} Rd7 {[%emt 0:00:32]} 13. Kb1 {[%emt
0:00:39]} Rhd8 {[%emt 0:00:05]} 14. a3 {[%emt 0:00:03]} Be7 {[%emt 0:00:11]}
15. Nf4 { [%emt 0:00:37]} Bg6 {[%emt 0:00:08]} 16. h4 {[%emt 0:00:22]} h6
{[%emt 0:00:25] } 17. d4 {[%emt 0:00:20]} Nc6 {[%emt 0:00:16]} 18. Nxg6 {[%emt
0:00:03]} fxg6 { [%emt 0:00:03]} 19. Bxe6 {[%emt 0:00:02]} Kb8 {[%emt 0:00:05]}
20. Bxd7 { [%emt 0:00:02]} Rxd7 {[%emt 0:00:00]} 21. d5 {[%emt 0:00:27]} Ne5
{[%emt 0:00:29]} 22. Bxa7+ {[%emt 0:00:06]} Kxa7 {[%emt 0:00:14]} 23. Qxe5
{[%emt 0:00:00]} Bd6 {[%emt 0:00:12]} 24. Qd4+ {[%emt 0:00:02]} Bc5 {[%emt
0:00:03]} 25. Qa4 { [%emt 0:00:02]} Qxa4 {[%emt 0:00:12]} 26. Nxa4 {[%emt
0:00:00]} Bf2 {[%emt 0:00:03]} 27. c4 {[%emt 0:00:06]} Nh5 {[%emt 0:00:09]} 28.
g4 {[%emt 0:00:10]} Nf4 {[%emt 0:00:05]} 29. Nc3 {[%emt 0:00:05]} Bc5 {[%emt
0:00:19]} 30. Ne4 { [%emt 0:00:02]} Be7 {[%emt 0:00:02]} 31. g5 {[%emt
0:00:11]} h5 {[%emt 0:00:07] } 32. Rd2 {[%emt 0:00:13]} Rd8 {[%emt 0:00:16]}
33. Rhd1 {[%emt 0:00:05]} Rf8 { [%emt 0:00:04]} 34. c5 {[%emt 0:00:05]} Nh3
{[%emt 0:00:24]} 35. d6 {[%emt 0:00:12]} cxd6 {[%emt 0:00:04]} 36. cxd6 {[%emt
0:00:00]} Bd8 {[%emt 0:00:03]} 37. Nc5 {[%emt 0:00:01]} Rxf3 {[%emt 0:00:11]}
38. Rd3 {[%emt 0:00:03]} Rxd3 { [%emt 0:00:08]} 39. Rxd3 {[%emt 0:00:00]} Nf4
{[%emt 0:00:04]} 40. Rf3 { [%emt 0:00:04]} Ng2 {[%emt 0:00:04]} 41. Ne6 {[%emt
0:00:03]} Bb6 {[%emt 0:00:07]} 42. d7 {[%emt 0:00:05]} Nxh4 {[%emt 0:00:01]}
43. Rh3 {[%emt 0:00:02]} Nf5 {[%emt 0:00:04]} 44. d8=Q {[%emt 0:00:03]} 1-0

[Event "DSJ Weihnachtsturnier U20 2020"]
[Site "https://play.chessbase.com/en/play?room=DSJWeihnachtU20"]
[Date "2020.12.29"]
[Round "4"]
[White "Sinnhöfer, Joshua"]
[Black "Bethke, Robert"]
[Result "1-0"]
[Termination "normal"]
[Board "10.2"]
[WhiteElo "1712"]
[BlackElo "2100"]
[WhiteTeam "Delmenhorster SK V 1931"]
[BlackTeam "SF Neuberg"]
[PlyCount "121"]
[WhiteFideId "16201361"]
[BlackFideId "12959251"]
[EventRounds "7"]
[EventType "team-swiss"]
[EventDate "2020.12.29"]

1. e4 {[%emt 0:00:06]} e5 {[%emt 0:00:06]} 2. Nf3 {[%emt 0:00:02]} Nf6 { [%emt
0:00:09]} 3. Nc3 {[%emt 0:00:08]} Nc6 {[%emt 0:00:03]} 4. Bb5 {[%emt 0:00:03]}
Nd4 {[%emt 0:00:14]} 5. O-O {[%emt 0:00:18]} Nxb5 {[%emt 0:00:12]} 6. Nxb5
{[%emt 0:00:00]} d6 {[%emt 0:00:05]} 7. d4 {[%emt 0:00:05]} exd4 {[%emt
0:00:03]} 8. Qxd4 {[%emt 0:00:15]} Be7 {[%emt 0:00:10]} 9. e5 {[%emt 0:00:02]}
dxe5 {[%emt 0:02:05]} 10. Qxd8+ {[%emt 0:00:05]} Bxd8 {[%emt 0:00:04]} 11. Nxe5
{[%emt 0:00:12]} a6 {[%emt 0:00:15]} 12. Nc3 {[%emt 0:00:09]} O-O {[%emt
0:00:04]} 13. Bg5 {[%emt 0:00:05]} Be6 {[%emt 0:00:40]} 14. Nf3 {[%emt
0:00:11]} h6 {[%emt 0:00:14]} 15. Bh4 {[%emt 0:00:04]} c6 {[%emt 0:00:13]} 16.
Nd4 {[%emt 0:00:07]} Bc4 {[%emt 0:00:10]} 17. Rfe1 {[%emt 0:00:05]} Nd5 {[%emt
0:00:08]} 18. Bxd8 {[%emt 0:00:08]} Rfxd8 {[%emt 0:00:04]} 19. Nxd5 {[%emt
0:00:04]} Bxd5 { [%emt 0:00:02]} 20. Nf5 {[%emt 0:00:03]} Be6 {[%emt 0:00:07]}
21. Ne3 {[%emt 0:00:07]} Rd2 {[%emt 0:00:13]} 22. Rad1 {[%emt 0:00:03]} Rad8
{[%emt 0:00:04]} 23. Rxd2 {[%emt 0:00:02]} Rxd2 {[%emt 0:00:00]} 24. Rd1 {[%emt
0:00:09]} Rxd1+ {[%emt 0:00:08]} 25. Nxd1 {[%emt 0:00:00]} Kf8 {[%emt 0:00:07]}
26. a3 { [%emt 0:00:02]} Ke7 {[%emt 0:00:01]} 27. f3 {[%emt 0:00:03]} Kd6
{[%emt 0:00:01]} 28. Kf2 {[%emt 0:00:02]} c5 {[%emt 0:00:14]} 29. Nc3 {[%emt
0:00:05]} b5 { [%emt 0:00:06]} 30. Ke3 {[%emt 0:00:03]} f5 {[%emt 0:00:11]} 31.
Ne2 {[%emt 0:00:10]} g5 {[%emt 0:00:02]} 32. b3 {[%emt 0:00:18]} Bf7 {[%emt
0:00:24]} 33. Nc1 {[%emt 0:00:16]} f4+ {[%emt 0:00:11]} 34. Kd3 {[%emt
0:00:03]} Bg6+ { [%emt 0:00:10]} 35. Kc3 {[%emt 0:00:04]} a5 {[%emt 0:00:04]}
36. Nd3 {[%emt 0:00:03]} Kd5 {[%emt 0:00:04]} 37. b4 {[%emt 0:00:05]} cxb4+
{[%emt 0:00:01]} 38. axb4 {[%emt 0:00:02]} a4 {[%emt 0:00:01]} 39. Nc5 {[%emt
0:00:07]} Bf5 { [%emt 0:00:16]} 40. Na6 {[%emt 0:00:27]} Kc6 {[%emt 0:00:30]}
41. Nc5 {[%emt 0:00:09] Delmen1-002 offers a draw} Bg6 {[%emt 0:00:10]} 42. Ne6
{[%emt 0:00:15]} Kd6 {[%emt 0:00:17]} 43. Nd4 {[%emt 0:00:07]} Be8 {[%emt
0:00:06]} 44. Nf5+ { [%emt 0:00:04]} Ke5 {[%emt 0:00:14]} 45. Nxh6 {[%emt
0:00:03]} Bg6 {[%emt 0:00:05]} 46. Ng4+ {[%emt 0:00:09]} Ke6 {[%emt 0:00:01]}
47. Nf2 {[%emt 0:00:03]} Kd5 {[%emt 0:00:09]} 48. Nh3 {[%emt 0:00:06]} a3
{[%emt 0:00:06]} 49. Nxg5 { [%emt 0:00:13]} a2 {[%emt 0:00:01]} 50. Kb2 {[%emt
0:00:01]} Bxc2 {[%emt 0:00:08]} 51. Kxa2 {[%emt 0:00:04]} Bd3 {[%emt 0:00:10]}
52. g3 {[%emt 0:00:15]} fxg3 {[%emt 0:00:00]} 53. hxg3 {[%emt 0:00:02]} Ke5
{[%emt 0:00:01]} 54. Nh3 { [%emt 0:00:08]} Kd4 {[%emt 0:00:07]} 55. Kb3 {[%emt
0:00:12]} Bc4+ {[%emt 0:00:04]} 56. Ka3 {[%emt 0:00:04]} Ke3 {[%emt 0:00:12]}
57. Ng5 {[%emt 0:00:05]} Kf2 {[%emt 0:00:14]} 58. Ne4+ {[%emt 0:00:26]} Kxf3
{[%emt 0:00:06]} 59. Nd2+ { [%emt 0:00:03]} Kxg3 {[%emt 0:00:01]} 60. Nxc4
{[%emt 0:00:01]} bxc4 {[%emt 0:00:00]} 61. b5 {[%emt 0:00:02]} 1-0